Public Relations i upravjenije predprijatijem.

Public relations sa začali aktívne rozvíjať v ČĽR v 80. rokoch. V r. 1986 sa vytvorila čínska asociácia Public relations. Rýchlo sa rozširovala vedeckovýskumná práca v tejto oblasti. Charakteristika štyroch vzájomne spojených procesov predstavujúcich formovanie vzťahu podnikov k verejnosti.

Na minha lista:
Detalhes bibliográficos
Autor principal: Van Sjan Lei
Formato: Capítulo de Livro
Idioma:russo
Assuntos:
Tags: Adicionar Tag
Sem tags, seja o primeiro a adicionar uma tag!

MARC

LEADER 00000naa a2200000 4500
001 r011255
005 20221208123127.1
041 0 |a rus 
044 |a [SU] 
245 1 0 |a Public Relations i upravjenije predprijatijem.  |c Van Sjan Lei 
520 |a Public relations sa začali aktívne rozvíjať v ČĽR v 80. rokoch. V r. 1986 sa vytvorila čínska asociácia Public relations. Rýchlo sa rozširovala vedeckovýskumná práca v tejto oblasti. Charakteristika štyroch vzájomne spojených procesov predstavujúcich formovanie vzťahu podnikov k verejnosti. 
610 2 0 |a riadenie podnikové 
610 2 0 |a práca s verejnosťou 
610 2 0 |a Čína 
610 2 0 |a práca vedeckovýskumná 
100 1 |a Van Sjan Lei